[Event "Hoogeveen Open"]
[Site "Hoogeveen, Netherlands"]
[Date "2018.10.25"]
[Round "7.3"]
[White "Shyaamnikhil, P"]
[Black "Guseinov, Gadir"]
[Result "1/2-1/2"]
[WhiteElo "2429"]
[BlackElo "2667"]

1. d4 {[%clk 01:29:57]} {[%emt 00:01:03]} Nf6 {[%clk 01:30:53]} {[%emt
00:00:08]} 2. Nf3 {[%clk 01:30:15]} {[%emt 00:00:10]} g6 {[%clk 01:31:13]}
{[%emt 00:00:11]} 3. Nc3 {[%clk 01:30:38]} {[%emt 00:00:07]} Bg7 {[%clk
01:31:05]} {[%emt 00:00:39]} 4. e4 {[%clk 01:30:56]} {[%emt 00:00:11]} d6
{[%clk 01:31:34]} {[%emt 00:00:02]} 5. h3 {[%clk 01:30:28]} {[%emt 00:00:57]}
O-O {[%clk 01:31:42]} {[%emt 00:00:22]} 6. Be3 {[%clk 01:28:45]} {[%emt
00:02:13]} c6 {[%clk 01:31:22]} {[%emt 00:00:50]} 7. Bd3 {[%clk 01:24:19]}
{[%emt 00:04:55]} b5 {[%clk 01:28:44]} {[%emt 00:03:09]} 8. a4 {[%clk
01:24:08]} {[%emt 00:00:41]} b4 {[%clk 01:23:17]} {[%emt 00:06:00]} 9. Ne2
{[%clk 01:24:28]} {[%emt 00:00:07]} a5 {[%clk 01:20:22]} {[%emt 00:03:26]} 10.
Ng3 {[%clk 01:23:57]} {[%emt 00:01:00]} Nbd7 {[%clk 01:18:08]} {[%emt
00:02:44]} 11. O-O {[%clk 01:21:49]} {[%emt 00:02:38]} e5 {[%clk 01:09:42]}
{[%emt 00:08:57]} 12. c3 {[%clk 01:11:15]} {[%emt 00:11:04]} exd4 {[%clk
01:01:33]} {[%emt 00:08:39]} 13. cxd4 {[%clk 01:10:30]} {[%emt 00:01:14]} Re8
{[%clk 01:00:09]} {[%emt 00:01:54]} 14. Qc1 {[%clk 01:03:06]} {[%emt 00:07:53]}
c5 {[%clk 00:54:28]} {[%emt 00:06:12]} 15. Bb5 {[%clk 00:47:01]} {[%emt
00:16:35]} Ba6 {[%clk 00:49:28]} {[%emt 00:05:30]} 16. Bxa6 {[%clk 00:30:29]}
{[%emt 00:17:02]} Rxa6 {[%clk 00:48:53]} {[%emt 00:01:05]} 17. dxc5 {[%clk
00:28:41]} {[%emt 00:02:19]} Nxc5 {[%clk 00:43:51]} {[%emt 00:05:32]} 18. e5
{[%clk 00:24:03]} {[%emt 00:05:08]} Nfd7 {[%clk 00:41:17]} {[%emt 00:03:04]} 19.
exd6 {[%clk 00:23:54]} {[%emt 00:00:39]} Rxd6 {[%clk 00:25:14]} {[%emt
00:16:34]} 20. Bxc5 {[%clk 00:20:36]} {[%emt 00:03:47]} Rc6 {[%clk 00:25:27]}
{[%emt 00:00:17]} 21. Be7 {[%clk 00:17:27]} {[%emt 00:03:40]} Rxc1 {[%clk
00:13:13]} {[%emt 00:12:44]} 22. Bxd8 {[%clk 00:17:18]} {[%emt 00:00:39]} Rxa1
{[%clk 00:13:41]} {[%emt 00:00:02]} 23. Rxa1 {[%clk 00:17:38]} {[%emt
00:00:10]} Rxd8 {[%emt 00:00:13]} 24. Rd1 {[%clk 00:17:57]} Bxb2 {[%clk
00:14:30]} {[%emt 00:00:09]} 25. Rd5 {[%clk 00:17:49]} {[%emt 00:00:37]} f5
{[%clk 00:11:39]} {[%emt 00:03:22]} 26. Rxa5 {[%clk 00:09:29]} {[%emt
00:08:51]} Bc3 {[%clk 00:09:56]} {[%emt 00:02:13]} 27. Rb5 {[%clk 00:01:53]}
{[%emt 00:08:05]} Nf6 {[%clk 00:09:54]} {[%emt 00:00:33]} 28. Ne2 {[%clk
00:02:05]} {[%emt 00:00:17]} Ne4 {[%clk 00:09:27]} {[%emt 00:00:57]} 29. g4
{[%clk 00:01:58]} {[%emt 00:00:37]} Rd1+ {[%clk 00:08:12]} {[%emt 00:01:45]} 30.
Kg2 {[%clk 00:02:21]} {[%emt 00:00:07]} fxg4 {[%clk 00:07:42]} {[%emt
00:01:00]} 31. hxg4 {[%clk 00:02:44]} {[%emt 00:00:06]} Ra1 {[%clk 00:08:09]}
{[%emt 00:00:04]} 32. Rb8+ {[%clk 00:01:52]} {[%emt 00:01:22]} Kf7 {[%clk
00:08:23]} {[%emt 00:00:16]} 33. Rb7+ {[%clk 00:02:15]} {[%emt 00:00:07]} Ke6
{[%clk 00:06:04]} {[%emt 00:02:49]} 34. Nfd4+ {[%clk 00:01:55]} {[%emt
00:00:49]} Kd5 {[%clk 00:06:10]} {[%emt 00:00:24]} 35. Rd7+ {[%clk 00:01:47]}
{[%emt 00:00:37]} Kc4 {[%clk 00:06:03]} {[%emt 00:00:38]} 36. Nc2 {[%clk
00:00:43]} {[%emt 00:01:34]} Rxa4 {[%clk 00:04:45]} {[%emt 00:01:48]} 37. Ne3+
{[%clk 00:00:33]} {[%emt 00:00:40]} Kb3 {[%clk 00:03:21]} {[%emt 00:01:50]} 38.
Nc1+ {[%clk 00:00:43]} {[%emt 00:00:24]} Kb2 {[%clk 00:03:33]} {[%emt
00:00:19]} 39. Nd3+ {[%clk 00:01:03]} {[%emt 00:00:09]} Kb1 {[%clk 00:03:15]}
{[%emt 00:00:47]} 40. Rb7 {[%clk 00:01:04]} {[%emt 00:00:30]} Ka2 {[%clk
00:02:02]} {[%emt 00:01:41]} 41. f3 {[%clk 00:00:36]} {[%emt 00:00:59]} Nd2
{[%clk 00:29:34]} {[%emt 00:02:59]} 42. Nd5 {[%clk 00:27:12]} {[%emt 00:03:54]}
Ka3 {[%clk 00:28:58]} {[%emt 00:01:05]} 43. Rc7 {[%clk 00:13:34]} {[%emt
00:14:09]} Nb1 {[%clk 00:28:01]} {[%emt 00:01:26]} 44. Rb7 {[%clk 00:04:01]}
{[%emt 00:10:04]} g5 {[%clk 00:12:24]} {[%emt 00:16:07]} 45. f4 {[%clk
00:03:47]} {[%emt 00:00:43]} gxf4 {[%clk 00:12:17]} {[%emt 00:00:38]} 46. N5xb4
{[%clk 00:03:30]} {[%emt 00:00:47]} Bxb4 {[%clk 00:08:11]} {[%emt 00:04:36]} 47.
Rxb4 {[%clk 00:03:54]} {[%emt 00:00:06]} Rxb4 {[%clk 00:08:30]} {[%emt
00:00:11]} 48. Nxb4 {[%clk 00:04:20]} {[%emt 00:00:04]} Kxb4 {[%clk 00:08:58]}
{[%emt 00:00:03]} 49. Kf3 {[%clk 00:04:43]} {[%emt 00:00:06]} Nc3 {[%clk
00:07:42]} {[%emt 00:01:46]} 50. Kxf4 {[%clk 00:05:07]} {[%emt 00:00:06]} Nd5
{[%clk 00:08:11]} {[%emt 00:00:01]} 51. Kg5 {[%clk 00:05:30]} {[%emt 00:00:07]}
Kc5 {[%clk 00:08:09]} {[%emt 00:00:33]} 52. Kh6 {[%clk 00:05:53]} {[%emt
00:00:07]} Kd6 {[%clk 00:08:12]} {[%emt 00:00:28]} 53. Kxh7 {[%clk 00:06:15]}
{[%emt 00:00:07]} Ne7 {[%clk 00:08:38]} {[%emt 00:00:04]} 54. g5 {[%clk
00:06:35]} {[%emt 00:00:10]} Ke6 {[%clk 00:09:06]} {[%emt 00:00:02]} 55. g6
{[%clk 00:06:51]} {[%emt 00:00:14]} Nxg6 {[%clk 00:09:33]} {[%emt 00:00:03]} 56.
Kxg6 {[%clk 00:07:16]} {[%emt 00:00:05]} Ke5 {[%emt 00:00:16]} 1/2-1/2

[Event "Hoogeveen Open"]
[Site "Hoogeveen, Netherlands"]
[Date "2018.10.25"]
[Round "7.4"]
[White "Pruijssers, Roeland"]
[Black "Buckels, Valentin"]
[Result "1/2-1/2"]
[WhiteElo "2501"]
[BlackElo "2413"]

1. e4 {[%clk 01:30:56]} {[%emt 00:00:03]} e5 {[%clk 01:30:44]} {[%emt
00:00:16]} 2. Nf3 {[%clk 01:31:19]} {[%emt 00:00:07]} Nc6 {[%clk 01:30:58]}
{[%emt 00:00:17]} 3. Bc4 {[%clk 01:31:41]} {[%emt 00:00:07]} Bc5 {[%clk
01:31:21]} {[%emt 00:00:07]} 4. O-O {[%clk 01:32:03]} {[%emt 00:00:08]} d6
{[%clk 01:31:24]} {[%emt 00:00:27]} 5. d3 {[%clk 01:31:10]} {[%emt 00:01:23]}
Nf6 {[%clk 01:31:40]} {[%emt 00:00:15]} 6. c3 {[%clk 01:31:33]} {[%emt
00:00:07]} a5 {[%clk 01:31:11]} {[%emt 00:00:59]} 7. Re1 {[%clk 01:27:50]}
{[%emt 00:04:13]} h6 {[%clk 01:31:12]} {[%emt 00:00:30]} 8. Nbd2 {[%clk
01:21:20]} {[%emt 00:07:00]} O-O {[%clk 01:31:19]} {[%emt 00:00:23]} 9. Nf1
{[%clk 01:20:45]} {[%emt 00:01:04]} Be6 {[%clk 01:30:23]} {[%emt 00:01:27]} 10.
Bb5 {[%clk 01:20:27]} {[%emt 00:00:48]} Ne7 {[%clk 01:29:50]} {[%emt 00:01:03]}
11. d4 {[%clk 01:16:42]} {[%emt 00:04:15]} Bb6 {[%clk 01:29:11]} {[%emt
00:01:09]} 12. Ng3 {[%clk 01:11:12]} {[%emt 00:06:00]} Ng6 {[%clk 01:27:03]}
{[%emt 00:02:38]} 13. h3 {[%clk 01:11:13]} {[%emt 00:00:29]} exd4 {[%clk
01:27:00]} {[%emt 00:00:34]} 14. Nxd4 {[%clk 01:07:22]} {[%emt 00:04:21]} Bd7
{[%clk 01:23:36]} {[%emt 00:03:53]} 15. Bd3 {[%clk 00:54:10]} {[%emt 00:13:41]}
Re8 {[%clk 01:20:48]} {[%emt 00:03:18]} 16. Bd2 {[%clk 00:51:50]} {[%emt
00:02:50]} d5 {[%clk 01:03:06]} {[%emt 00:18:13]} 17. exd5 {[%clk 00:47:19]}
{[%emt 00:05:02]} Rxe1+ {[%clk 00:58:13]} {[%emt 00:05:23]} 18. Qxe1 {[%clk
00:47:42]} {[%emt 00:00:06]} Nxd5 {[%clk 00:57:39]} {[%emt 00:01:04]} 19. Be4
{[%clk 00:41:10]} {[%emt 00:07:02]} c6 {[%clk 00:51:58]} {[%emt 00:06:12]} 20.
Ndf5 {[%clk 00:40:21]} {[%emt 00:01:18]} Nde7 {[%clk 00:45:47]} {[%emt
00:06:41]} 21. Be3 {[%clk 00:33:03]} {[%emt 00:07:48]} Nxf5 {[%clk 00:43:51]}
{[%emt 00:02:26]} 22. Nxf5 {[%clk 00:32:30]} {[%emt 00:01:02]} Bxe3 {[%clk
00:40:57]} {[%emt 00:03:25]} 23. Qxe3 {[%clk 00:32:52]} {[%emt 00:00:08]} Qf6
{[%clk 00:40:13]} {[%emt 00:01:14]} 24. Ng3 {[%clk 00:32:19]} {[%emt 00:01:03]}
Be6 {[%clk 00:27:32]} {[%emt 00:13:12]} 25. Qb6 {[%clk 00:28:01]} {[%emt
00:04:48]} Qe7 {[%clk 00:26:04]} {[%emt 00:01:58]} 26. Bxg6 {[%clk 00:27:10]}
{[%emt 00:01:21]} fxg6 {[%clk 00:26:28]} {[%emt 00:00:06]} 27. Re1 {[%clk
00:27:33]} {[%emt 00:00:07]} Qd7 {[%clk 00:24:50]} {[%emt 00:02:08]} 28. a3
{[%clk 00:26:37]} {[%emt 00:01:26]} a4 {[%clk 00:20:18]} {[%emt 00:05:03]} 29.
Ne4 {[%clk 00:25:24]} {[%emt 00:01:43]} Bc4 {[%clk 00:18:38]} {[%emt 00:02:10]}
30. Qb4 {[%clk 00:25:20]} {[%emt 00:00:33]} b5 {[%clk 00:17:46]} {[%emt
00:01:22]} 31. Nd6 {[%clk 00:22:19]} {[%emt 00:03:31]} Bd5 {[%clk 00:15:06]}
{[%emt 00:03:10]} 32. c4 {[%clk 00:22:29]} {[%emt 00:00:20]} bxc4 {[%clk
00:15:12]} {[%emt 00:00:24]} 33. Nxc4 {[%clk 00:22:51]} {[%emt 00:00:08]} Re8
{[%clk 00:14:48]} {[%emt 00:00:54]} 34. Nb6 {[%clk 00:17:23]} {[%emt 00:05:58]}
Rxe1+ {[%clk 00:14:55]} {[%emt 00:00:23]} 35. Qxe1 {[%clk 00:17:51]} {[%emt
00:00:02]} Qb7 {[%clk 00:11:06]} {[%emt 00:04:19]} 36. Qe3 {[%clk 00:14:29]}
{[%emt 00:03:51]} c5 {[%clk 00:07:12]} {[%emt 00:04:25]} 37. Nxd5 {[%clk
00:07:25]} {[%emt 00:07:34]} Qxd5 {[%clk 00:07:37]} {[%emt 00:00:06]} 38. Qe8+
{[%clk 00:07:51]} {[%emt 00:00:04]} Kh7 {[%clk 00:08:02]} {[%emt 00:00:05]} 39.
Qxa4 {[%clk 00:08:16]} {[%emt 00:00:04]} Qd3 {[%clk 00:03:29]} {[%emt
00:05:03]} 40. b3 {[%clk 00:04:06]} {[%emt 00:04:40]} Qb1+ {[%clk 00:00:36]}
{[%emt 00:03:23]} 41. Kh2 {[%clk 00:04:28]} {[%emt 00:00:07]} Qb2 {[%clk
00:29:34]} {[%emt 00:01:33]} 42. f3 {[%clk 00:13:37]} {[%emt 00:21:21]} h5
{[%clk 00:25:46]} {[%emt 00:04:18]} 43. h4 {[%clk 00:11:08]} {[%emt 00:02:58]}
Qe5+ {[%clk 00:24:11]} {[%emt 00:02:05]} 44. Kh3 {[%clk 00:11:14]} {[%emt
00:00:25]} Qe6+ {[%clk 00:23:55]} {[%emt 00:00:45]} 45. Kg3 {[%clk 00:11:38]}
{[%emt 00:00:06]} Qe1+ {[%clk 00:24:03]} {[%emt 00:00:23]} 46. Kh2 {[%clk
00:12:00]} {[%emt 00:00:08]} Qe5+ {[%clk 00:24:24]} {[%emt 00:00:09]} 47. f4
{[%emt 00:03:28]} Qe1 {[%clk 00:21:32]} 48. Kh3 {[%clk 00:11:09]} {[%emt
00:01:44]} Qe3+ {[%clk 00:21:36]} {[%emt 00:00:25]} 49. Kh2 {[%clk 00:11:14]}
{[%emt 00:00:25]} Qe1 {[%clk 00:22:01]} {[%emt 00:00:05]} 50. Kh3 {[%clk
00:11:40]} {[%emt 00:00:05]} Qe3+ {[%clk 00:22:28]} {[%emt 00:00:03]} 51. Kh2
{[%clk 00:11:21]} {[%emt 00:00:11]} 1/2-1/2

[Event "Hoogeveen Open"]
[Site "Hoogeveen, Netherlands"]
[Date "2018.10.25"]
[Round "7.5"]
[White "Warmerdam, Max"]
[Black "Beerdsen, Thomas"]
[Result "1/2-1/2"]
[WhiteElo "2417"]
[BlackElo "2460"]

1. e4 {[%clk 01:30:58]} c5 {[%clk 01:30:52]} {[%emt 00:00:08]} 2. Nf3 {[%clk
01:31:24]} {[%emt 00:00:04]} e6 {[%clk 01:31:10]} {[%emt 00:00:13]} 3. d4
{[%clk 01:31:50]} {[%emt 00:00:04]} cxd4 {[%clk 01:31:35]} {[%emt 00:00:04]} 4.
Nxd4 {[%clk 01:32:16]} {[%emt 00:00:04]} a6 {[%clk 01:32:01]} {[%emt 00:00:05]}
5. c4 {[%clk 01:32:41]} {[%emt 00:00:05]} Nc6 {[%clk 01:30:44]} {[%emt
00:01:47]} 6. Be3 {[%clk 01:20:30]} {[%emt 00:12:40]} Nf6 {[%clk 01:29:24]}
{[%emt 00:01:49]} 7. Nc3 {[%clk 01:20:10]} {[%emt 00:00:51]} Qc7 {[%clk
01:29:27]} {[%emt 00:00:27]} 8. a3 {[%clk 01:20:08]} {[%emt 00:00:33]} Bd6
{[%clk 01:21:39]} {[%emt 00:08:17]} 9. Qd2 {[%clk 01:04:24]} {[%emt 00:16:14]}
Nxd4 {[%clk 01:17:45]} {[%emt 00:04:24]} 10. Bxd4 {[%clk 01:01:09]} {[%emt
00:03:46]} Bf4 {[%clk 01:13:32]} {[%emt 00:04:43]} 11. Be3 {[%clk 00:53:27]}
{[%emt 00:08:11]} Bxe3 {[%clk 01:09:26]} {[%emt 00:04:35]} 12. Qxe3 {[%clk
00:53:12]} {[%emt 00:00:46]} O-O {[%clk 01:08:18]} {[%emt 00:01:38]} 13. Rd1
{[%clk 00:37:51]} {[%emt 00:15:51]} Rd8 {[%clk 00:57:43]} {[%emt 00:11:04]} 14.
Be2 {[%clk 00:36:58]} {[%emt 00:01:24]} d6 {[%clk 00:56:52]} {[%emt 00:01:21]}
15. O-O {[%clk 00:36:59]} {[%emt 00:00:29]} Bd7 {[%clk 00:52:18]} {[%emt
00:05:04]} 16. Rd2 {[%clk 00:31:44]} {[%emt 00:05:46]} Bc6 {[%clk 00:50:34]}
{[%emt 00:02:13]} 17. Rfd1 {[%clk 00:32:05]} {[%emt 00:00:09]} Rd7 {[%clk
00:48:47]} {[%emt 00:02:16]} 18. b4 {[%clk 00:17:52]} {[%emt 00:14:45]} b6
{[%clk 00:48:40]} {[%emt 00:00:37]} 19. c5 {[%clk 00:10:59]} {[%emt 00:07:23]}
dxc5 {[%clk 00:44:29]} {[%emt 00:04:41]} 20. bxc5 {[%clk 00:11:23]} {[%emt
00:00:06]} Rxd2 {[%clk 00:42:58]} {[%emt 00:02:00]} 21. Rxd2 {[%clk 00:11:48]}
{[%emt 00:00:06]} bxc5 {[%clk 00:42:39]} {[%emt 00:00:49]} 22. Qxc5 {[%clk
00:11:07]} {[%emt 00:01:10]} 1/2-1/2

[Event "Hoogeveen Open"]
[Site "Hoogeveen, Netherlands"]
[Date "2018.10.25"]
[Round "7.6"]
[White "Zwirs, Nico"]
[Black "Kuipers, Stefan"]
[Result "1/2-1/2"]
[WhiteElo "2410"]
[BlackElo "2467"]

1. c4 {[%clk 01:30:57]} {[%emt 00:00:01]} c6 {[%clk 01:25:37]} {[%emt
00:05:23]} 2. e4 {[%clk 01:30:18]} {[%emt 00:01:09]} d5 {[%clk 01:25:54]}
{[%emt 00:00:14]} 3. exd5 {[%clk 01:30:40]} {[%emt 00:00:09]} Nf6 {[%clk
01:26:09]} {[%emt 00:00:15]} 4. d4 {[%clk 01:30:42]} {[%emt 00:00:27]} cxd5
{[%clk 01:26:31]} {[%emt 00:00:09]} 5. Nc3 {[%clk 01:31:04]} {[%emt 00:00:07]}
g6 {[%clk 01:23:32]} {[%emt 00:03:30]} 6. Qb3 {[%clk 01:31:08]} {[%emt
00:00:26]} Bg7 {[%clk 01:23:03]} {[%emt 00:00:59]} 7. cxd5 {[%clk 01:31:27]}
{[%emt 00:00:11]} O-O {[%clk 01:23:22]} {[%emt 00:00:11]} 8. Nge2 {[%clk
01:25:45]} {[%emt 00:06:11]} a5 {[%clk 00:57:49]} {[%emt 00:26:04]} 9. Nf4
{[%clk 01:11:26]} {[%emt 00:14:49]} g5 {[%clk 00:55:37]} {[%emt 00:02:42]} 10.
Nd3 {[%clk 01:07:00]} {[%emt 00:04:55]} a4 {[%clk 00:55:42]} {[%emt 00:00:27]}
11. Nxa4 {[%clk 01:04:02]} {[%emt 00:03:27]} Nxd5 {[%clk 00:55:29]} {[%emt
00:00:43]} 12. Nc3 {[%clk 00:54:59]} {[%emt 00:09:34]} e6 {[%clk 00:52:28]}
{[%emt 00:03:31]} 13. Nxd5 {[%clk 00:43:51]} {[%emt 00:11:38]} exd5 {[%clk
00:52:43]} {[%emt 00:00:14]} 14. Be3 {[%clk 00:43:23]} {[%emt 00:00:57]} Nc6
{[%clk 00:52:08]} {[%emt 00:01:06]} 15. Be2 {[%clk 00:38:12]} {[%emt 00:05:41]}
Qa5+ {[%clk 00:47:18]} {[%emt 00:05:21]} 16. Qc3 {[%clk 00:35:52]} {[%emt
00:02:49]} Nxd4 {[%clk 00:46:39]} {[%emt 00:01:09]} 17. Qxa5 {[%clk 00:31:10]}
{[%emt 00:05:12]} Rxa5 {[%clk 00:45:51]} {[%emt 00:01:18]} 18. Bd1 {[%clk
00:31:14]} {[%emt 00:00:26]} Bf5 {[%clk 00:43:53]} {[%emt 00:02:28]} 19. Kd2
{[%clk 00:30:28]} {[%emt 00:01:16]} Ne6 {[%clk 00:41:17]} {[%emt 00:03:06]} 20.
f3 {[%clk 00:22:48]} {[%emt 00:08:10]} Bxd3 {[%clk 00:38:21]} {[%emt 00:03:27]}
21. Kxd3 {[%clk 00:23:09]} {[%emt 00:00:08]} Bxb2 {[%clk 00:38:31]} {[%emt
00:00:20]} 22. Rb1 {[%clk 00:23:24]} {[%emt 00:00:15]} Bf6 {[%clk 00:35:22]}
{[%emt 00:03:38]} 23. Bb3 {[%clk 00:20:48]} {[%emt 00:03:07]} d4 {[%clk
00:31:28]} {[%emt 00:04:24]} 24. Bxe6 {[%clk 00:12:49]} {[%emt 00:08:27]} fxe6
{[%clk 00:31:54]} {[%emt 00:00:06]} 25. Bd2 {[%clk 00:13:08]} {[%emt 00:00:11]}
Ra4 {[%clk 00:31:38]} {[%emt 00:00:46]} 26. Rxb7 {[%clk 00:13:26]} Rxa2 {[%clk
00:31:18]} 27. Rc1 {[%emt 00:18:56]} Rf7 28. Rcb1 {[%clk 00:03:10]} Kg7 {[%clk
00:22:48]} {[%emt 00:03:52]} 29. g4 {[%clk 00:03:16]} {[%emt 00:00:24]} Be7
{[%clk 00:21:58]} {[%emt 00:01:20]} 30. Bb4 {[%clk 00:00:54]} {[%emt 00:02:52]}
Bxb4 {[%clk 00:21:02]} {[%emt 00:01:27]} 31. R1xb4 {[%clk 00:01:15]} {[%emt
00:00:08]} Ra3+ {[%clk 00:18:29]} {[%emt 00:03:02]} 32. Kxd4 {[%clk 00:01:29]}
{[%emt 00:00:16]} Raxf3 {[%clk 00:18:53]} {[%emt 00:00:05]} 33. Ke5 {[%clk
00:01:21]} {[%emt 00:00:38]} Re3+ {[%clk 00:16:44]} {[%emt 00:02:40]} 34. Kd6
{[%clk 00:01:31]} {[%emt 00:00:20]} h6 {[%clk 00:16:29]} {[%emt 00:00:45]} 35.
Rxf7+ {[%clk 00:01:00]} {[%emt 00:01:01]} Kxf7 {[%clk 00:16:57]} {[%emt
00:00:01]} 36. Rb2 {[%clk 00:00:48]} {[%emt 00:00:42]} Re4 {[%clk 00:16:16]}
{[%emt 00:01:11]} 37. h3 {[%clk 00:01:18]} Kf6 {[%clk 00:15:54]} {[%emt
00:00:52]} 38. Rd2 {[%clk 00:01:42]} {[%emt 00:00:05]} Rf4 {[%clk 00:16:02]}
{[%emt 00:00:23]} 39. Rd3 {[%clk 00:01:56]} {[%emt 00:00:16]} Rf1 {[%clk
00:14:17]} {[%emt 00:02:14]} 40. Rd2 {[%clk 00:24:32]} {[%emt 00:07:54]} Rf3
{[%clk 00:44:21]} {[%emt 00:00:26]} 41. Rd1 {[%clk 00:24:15]} {[%emt 00:00:47]}
Rxh3 {[%clk 00:43:31]} {[%emt 00:01:19]} 42. Rf1 {[%clk 00:23:32]} {[%emt
00:01:13]} Kg6 {[%clk 00:43:57]} {[%emt 00:00:04]} 43. Ke7 {[%clk 00:23:57]}
{[%emt 00:00:05]} e5 {[%clk 00:44:02]} {[%emt 00:00:25]} 1/2-1/2